Climate and history : studies in past climates and their impact on man /

Bibliographic Details
Other Authors: Wigley, T. M. L., Ingram, M. J., Farmer, G.
Format: Book
Language:English
Published: Cambridge [Cambridgeshire] ; New York : Cambridge University Press, 1981.
Subjects:

MARC

Tag First Indicator Second Indicator Subfields
LEADER 00000cam a2200000 a 4500
001 in00000089249
005 20151008065358.0
008 820312s1981 enka b 10100 eng
010 |a  80042275  
015 |a GB*** 
020 |a 0521239028 
035 |a (OCoLC)08131793 
035 |9 AAK5844AM 
039 0 |a 2  |b 3  |c 3  |d 3  |e 3 
040 |a DLC  |c DLC  |d TXA  |d UtOrBLW 
049 |a TXAM  |c [388265] 
050 0 0 |a QC981.8.C5  |b C5 
082 0 |a 304.2/5  |2 19 
245 0 0 |a Climate and history :  |b studies in past climates and their impact on man /  |c edited by T.M.L. Wigley, M.J. Ingram, and G. Farmer. 
264 1 |a Cambridge [Cambridgeshire] ;  |a New York :  |b Cambridge University Press,  |c 1981. 
300 |a xii, 530 pages :  |b illustrations ;  |c 24 cm. 
336 |a text  |b txt  |2 rdacontent 
337 |a unmediated  |b n  |2 rdamedia 
338 |a volume  |b nc  |2 rdacarrier 
504 |a Includes bibliographies and indexes. 
650 0 |a Climatic changes  |x Social aspects  |x Congresses. 
650 0 |a Paleoclimatology  |v Congresses. 
650 0 |a Human beings  |x Effect of climate on  |x Congresses. 
700 1 |a Wigley, T. M. L. 
700 1 |a Ingram, M. J. 
700 1 |a Farmer, G. 
999 |a MARS 
999 f f |s fd2ba268-97db-36a4-b41f-579d4c89218e  |i 2547f15a-63aa-3245-b392-8db8b8c43560  |t 0 
952 f f |p normal  |a Texas A&M University  |b College Station  |c Sterling C. Evans Library  |d Evans: Library Stacks  |t 0  |e QC981.8.C5 C5  |h Library of Congress classification  |i unmediated -- volume  |m A14806210189 
998 f f |a QC981.8.C5 C5  |t 0  |l Evans: Library Stacks